1 informe de Gobierno : (Record no. 180176)

MARC details
000 -CABECERA
campo de control de longitud fija 00930nam a2200205 u 4500
005 - FECHA Y HORA DE LA ÚLTIMA TRANSACCIÓN
campo de control 20230920064602.0
008 - ELEMENTOS DE LONGITUD FIJA--INFORMACIÓN GENERAL
campo de control de longitud fija 160210s2013 mx r 000 0 spa d
035 ## - NÚMERO DE CONTROL DEL SISTEMA
Número de control de sistema UPN01000208075
049 ## - COLECCIÓN
Colección CD
050 #4 - SIGNATURA TOPOGRÁFICA DE LA BIBLIOTECA DEL CONGRESO
Número de clasificación J172
Número de documento/Ítem 2012
110 1# - ASIENTO PRINCIPAL--NOMBRE CORPORATIVO
Nombre de entidad corporativa o nombre de jurisdicción como elemento de entrada México (D.F.).
Unidad subordinada Jefe de Gobierno (2012-2018 : Mancera Espinosa)
9 (RLIN) 38710
245 #0 - MENCIÓN DE TÍTULO
Título 1 informe de Gobierno :
Resto del título versión electrónica : Ciudad de México : decidiendo juntos : Gobierno del Distrito Federal : 2012-2013 /
Mención de responsabilidad, etc. Miguel Angel Mancera Espinosa.
260 ## - PUBLICACIÓN, DISTRIBUCIÓN, ETC.
Lugar de publicación, distribución, etc. México:
Nombre del editor, distribuidor, etc. Gobierno del Distrito Federal,
Fecha de publicación, distribución, etc. 2013.
300 ## - DESCRIPCIÓN FÍSICA
Extensión 1 CD-ROM ;
Dimensiones 4 3/4 plg.
500 ## - NOTA GENERAL
Nota general La Biblioteca cuenta con versión impresa, con clasificación: C/J172/D5.7 2012
650 #4 - ASIENTO SECUNDARIO DE MATERIA - TERMINO TEMATICO
Término de materia o nombre geográfico como elemento de entrada JEFES DE GOBIERNO -
Subdivisión geográfica MEXICO (D.F) -
Subdivisión general INFORMES
9 (RLIN) 24744
651 #4 - ASIENTO SECUNDARIO DE MATERIA - NOMBRE GEOGRAFICO
Nombre geográfico Distrito Federal (México)
Subdivisión de forma Estadística
-- Anuarios
9 (RLIN) 13322
651 #4 - ASIENTO SECUNDARIO DE MATERIA - NOMBRE GEOGRAFICO
Nombre geográfico Distrito Federal (México)
Subdivisión general Política y gobierno
9 (RLIN) 14004
905 ## - TIPO DE MATERIAL
Tipo de material Electrónico
Holdings
Estado de retiro Estado de pérdida Fuente del sistema de clasificación o colocación Estado dañado No para préstamo Código de colección Localización permanente Ubicación/localización actual Ubicación en estantería Total de préstamos Clasificación Código de barras Fecha visto por última vez Número de copia Tipo de ítem Koha
    Library of Congress Classification     Discos compactos Bib. Gregorio Torres Quintero Bib. Gregorio Torres Quintero Disco Compacto   J172 2012 297086 31/12/2020 1 Formato Digital